| 000 | 00419nam a2200181Ia 4500 | ||
|---|---|---|---|
| 005 | 20250423095115.0 | ||
| 008 | 250422s9999 xx 000 0 und d | ||
| 020 | _a978 36442 1 1 | ||
| 050 | _aPR 9387 .L5/ | ||
| 100 | _aLindfors, Bernth | ||
| 245 | 0 | _aEarly Nigerian literature | |
| 260 | _aIbadan | ||
| 260 | _bCaltop Publication | ||
| 260 | _c2002 | ||
| 300 | _a198 p | ||
| 650 | _aLiterature | ||
| 942 | _cBK | ||
| 999 |
_c29262 _d29262 |
||